Sports Quiz

Random Sports or NFL Quiz
Score 0/12 Timer 05:00
0 Plays Today
% Correct
Norv Turner
90.9%
Andy Reid
90%
Lovie Smith
90%
Ken Whisenhunt
85.5%
Chan Gailey
85.5%
Pat Shurmur
82.9%
Romeo Crennel
80.9%
Mike Tannenbaum
80%
AJ Smith
73.6%
Rod Graves
58.2%
Gene Smith
58.2%
Tom Heckert
57.3%

You're not logged in!

Compare scores with friends on all Sporcle quizzes.
OR
Log In

Sporcle TV

Today on Sporcle TV


Watch our educational content, quiz creation guides, and fun videos on Sporcle TV.

Show Comments

Extras

Top Quizzes Today


Score Distribution

Paid Content

Your Account Isn't Verified!

In order to create a playlist on Sporcle, you need to verify the email address you used during registration. Go to your Sporcle Settings to finish the process.

Report this User

Report this user for behavior that violates our Community Guidelines.

Details: